| 000 | 005770000a22001810004500 | ||
|---|---|---|---|
| 003 | MACL | ||
| 005 | 20160225113014.0 | ||
| 008 | 160225b xxu||||| |||| 00| 0 eng d | ||
| 040 |
_aMACL _cMACL |
||
| 041 | _aHindi | ||
| 082 | _a790 | ||
| 100 |
_aवाचस्पति गैरोला _939779 |
||
| 245 | _aअशोकमल्ल विरचित नृत्याध्याय | ||
| 260 |
_bसंवर्तिका प्रकाशन _c1971 _aइलाहाबाद |
||
| 350 | _a30 | ||
| 650 |
_aPerforming _940236 |
||
| 942 |
_cHIN _k790 _2ddc |
||
| 999 |
_c26893 _d26893 |
||